| 000 | 00464nam a2200193 a 4500 | ||
|---|---|---|---|
| 001 | 1757847043982 | ||
| 003 | ACL | ||
| 005 | 20250914162700.0 | ||
| 008 | 250914s2010##################000#0#eng## | ||
| 020 | _a9781848850095 | ||
| 082 | 0 | 4 |
_a791.430947 _bMIL |
| 100 | 1 |
_aMiller, Jamie, _eauthor. |
|
| 245 | 1 | 0 | _aSoviet Cinema : |
| 260 |
_bI.B. Tauris, _c2010. |
||
| 300 | _a240 pages | ||
| 650 | 0 | _aPerforming Arts. | |
| 942 | _cENGLISH | ||
| 040 |
_aACL _beng _cACL |
||
| 999 |
_c586759 _d586759 |
||